000
00253nam a2200109Ia 4500
008
220204s9999 xx 000 0 und d
082
_a
82-3
_b
JAM
100
_a
James, Henry
245
4
_a
The Ambassadors
260
_a
England
_b
Penguin
_c
1978
942
_c
BK
999
_c
33020
_d
33020